Cảnh thế thông ngôn T.1 /

Sách bao gồm các tác phẩm văn học được viết dưới dạng thơ và bình chú.

Bewaard in:
Bibliografische gegevens
Hoofdauteur: Phùng Mộng Long.
Andere auteurs: Nguyễn Huy (dịch.)
Formaat: Boek
Taal:Vietnamese
Gepubliceerd in: Cà Mau : Nxb Mũi Cà Mau, 1998.
Onderwerpen:
Tags: Voeg label toe
Geen labels, Wees de eerste die dit record labelt!
Thư viện lưu trữ: Mạng thư viện Đại học Đà Nẵng
LEADER 01017cam a2200349 i 4500
001 000044907
003 3535
005 20030930103349.0
008 010309b1998 vm 000 vie
022 |a T 
040 |a IRC  |c IRC  |d IRC 
041 1 |a vie 
082 1 4 |a 895.1  |b PH-L 
100 1 |a Phùng Mộng Long. 
245 0 0 |a Cảnh thế thông ngôn  |n T.1 /  |c Phùng Mộng Long ; Nghiêm Đôn Dị hiệu chú ; Nguyễn Huy dịch. 
260 |a Cà Mau :  |b Nxb Mũi Cà Mau,  |c 1998. 
300 |a 560tr. ;  |c 20cm. 
520 3 |a Sách bao gồm các tác phẩm văn học được viết dưới dạng thơ và bình chú. 
630 0 4 |a Văn học Trung Quốc. 
630 0 4 |a Tác phẩm. 
650 0 4 |a Văn học Trung Quốc. 
700 1 |a Nguyễn Huy,  |e dịch. 
OWN |a DUT 
999 |a From the UDN01 
TYP |a Monograph 
TYP |a Printed language 
980 |a Mạng thư viện Đại học Đà Nẵng